000 00895nam0a22002531 4500
001 rc\532289
005 20250621122158.0
010 _a5-217-00237-9
_941000
035 _a(NLR Aleph) 005770247
090 _a5025415
_c5025414
100 _a20030616d1988 |||y0rusy50 ca
101 0 _arus
102 _aRU
105 _aa |||||||||
200 1 _aСборник задач и упражнений по технологии машиностроения
_e[Учеб. пособие для втузов
_fВ.И. Аверченков и др.]
210 _aМ.
_cМашиностроение
_d1988
215 _a189, [2] с.
_cил.
_d20
320 _aБиблиогр.: с. 189-190 (33 назв.)
702 1 _aАверченков
_bВ.И.
_gВладимир Иванович
_4220
801 0 _aRU
_bNLR
_gpsbo
801 1 _aRU
_bELAR
_2rusmarc
852 _aNLR
_j88-3/9233
942 _cBOOK
980 _aNB